00472 2200193 4500001002100000005001500021008004100036020002200077035001900099041000700118082000900125090001600134100002100150245002200171250001000193260002800203300002600231650002100257INLIS00000000002489320241224131821241224||||||||| | ||| |||| || |  a978-623-206-171-2 0010-1224024893 aid0 aNONE a741.5 DYA s0 aDyah Umi Purnama00aSusu Rahasia Runi aCet.1 aSolobTiga Anandac2019 a32 hlm.; ilus.: 24 cm 0acerita bergambar